000 01006nam a2200313 i 4500
001 20022
003 KOSZ 005
005 20201015091606.0
008 990506s1979 pl a f f |000 0 pol
015 _aPB 1983/5471
035 _a(OCoLC)830222601
040 _aWA N
_cWA N
_dKOSZ 005/HR
041 0 _apol
046 _k1979
080 _a621.762
080 _a(075.8)
100 1 _aCyunczyk, Aleksander
_eAutor
245 1 0 _aTechniki wytwarzania - technologia spieków /
_cAleksander Cyunczyk.
260 _aRzeszów :
_bWydaw. Uczelniane Politechniki Rzeszowskiej im. Ignacego Łukasiewicza,
_c1979.
300 _a103 s. :
_brys., wykr. ;
_c21 cm.
380 _aKsiążki.
388 _a1901-2000
504 _aBibliogr. s. 103 i przy rozdz.
658 _aInżynieria i technika
655 4 _aPodręczniki akademickie
650 4 _aSpiekanie
856 _uhttp://koha.tu.koszalin.pl/cgi-bin/koha/opac-detail.pl?biblionumber=20022
_yKatalog online BPK
942 _2UKD
_cKS
999 _c20022
_d20022